100.000+ Städte in Bayern (mit Karte) - Statistiken

Allgemein
  • Dieses Quiz wurde 98 mal gespielt
  • Das Durchschnittsergebnis liegt bei 7 aus 8
Antworten auf der Karte
Die Antworten werden auf der Karte rot bzw. grün angezeigt, abhängig davon wie oft sie richtig erraten wurden.
 
Antwortstatistiken
Einwohner Stadt % Korrekt
1.487.708 München
98%
510.632 Nürnberg
94%
296.478 Augsburg
92%
153.542 Regensburg
88%
129.933 Fürth
86%
138.016 Ingolstadt
84%
126.933 Würzburg
81%
113.292 Erlangen
78%
Keine übereinstimmenden Quizze gefunden
Verteilung der Resultate
Anzahl Personen mit jedem Resultat
Perzentil nach korrekt beantworteten Fragen
Ihre Resultats-Entwicklung
Sie haben dieses Quiz noch nicht gespielt